Application of Financial Innovations in the Banking Sector of Serbia

Inovácie v oblasti bankových služieb v sektore domácností súvisia predovšetkým s jednoduchším prístupom k bežnému účtu a novými platobnými metódami, ktoré sú pre spotrebiteľa praktické a jednoduché. Finančné inovácie a finančný rozvoj spolu pozitívne súvisia a ich vplyv časom rastie. Neustále zmeny...

Ausführliche Beschreibung

Gespeichert in:
Bibliographische Detailangaben
1. Verfasser: Zelenović, Vera
Weitere Verfasser: Zelenović, Jelena, Đaković, Miloš, Inđić, Milica
Format: Buchkapitel
Sprache:Englisch
Schlagworte:
Tags: Tag hinzufügen
Keine Tags, Fügen Sie das erste Tag hinzu!

MARC

LEADER 00000naa a2200000 4500
001 0315161
005 20260226132051.7
041 0 |a eng 
044 |a RS 
245 1 0 |a Application of Financial Innovations in the Banking Sector of Serbia  |c Vera Zelenović, Jelena Zelenović, Miloš Đaković, Milica Inđić 
520 |a Inovácie v oblasti bankových služieb v sektore domácností súvisia predovšetkým s jednoduchším prístupom k bežnému účtu a novými platobnými metódami, ktoré sú pre spotrebiteľa praktické a jednoduché. Finančné inovácie a finančný rozvoj spolu pozitívne súvisia a ich vplyv časom rastie. Neustále zmeny v požiadavkách klientov a neustály tlak na znižovanie nákladov a zvyšovanie efektívnosti nedávajú bankám inú možnosť, ako aplikovať moderné technológie. Dôležitosť finančných inovácií a ich aplikácie na bankovom trhu v Srbsku. 
610 2 0 |a inovácia 
610 2 0 |a financie 
610 2 0 |a služby bankové 
610 2 0 |a banky 
610 2 0 |a klienti 
610 2 0 |a technológie nové 
610 2 0 |a Srbsko 
100 1 |a Zelenović, Vera 
700 1 |a Zelenović, Jelena 
700 1 |a Đaković, Miloš 
700 1 |a Inđić, Milica